| 000 | 00354nam a22001577a 4500 | ||
|---|---|---|---|
| 003 | MACL | ||
| 005 | 20151128155408.0 | ||
| 008 | 151128b xxu||||| |||| 00| 0 eng d | ||
| 040 | _cMACL | ||
| 041 | _aEnglish | ||
| 082 | _a320/SAH | ||
| 100 |
_aSah,D.C. _918611 |
||
| 245 | _aTrapped in Poverty | ||
| 650 |
_aSocial Science _918613 |
||
| 942 |
_2ddc _cBK |
||
| 999 |
_c51316 _d51316 |
||